Medical-surgical nursing : (Record no. 14670)
[ view plain ]
| 000 -LEADER | |
|---|---|
| fixed length control field | 00819nam a22002297a 4500 |
| 008 - FIXED-LENGTH DATA ELEMENTS--GENERAL INFORMATION | |
| fixed length control field | 161007b xxu||||| |||| 00| 0 eng d |
| 020 ## - INTERNATIONAL STANDARD BOOK NUMBER | |
| International Standard Book Number | 0397544537 |
| 050 ## - LIBRARY OF CONGRESS CALL NUMBER | |
| Classification number | RT 41 |
| Item number | .M495 1986 |
| 100 ## - MAIN ENTRY--PERSONAL NAME | |
| Personal name | Patrick, Maxine L. |
| 245 ## - TITLE STATEMENT | |
| Title | Medical-surgical nursing : |
| Remainder of title | pathophysiological concepts/ |
| Statement of responsibility, etc. | Maxine L. Patrick, Susan L. Woods, Ruth F. Craven, Joanne Schnaidt Rokosky and Pauline M. Bruno. |
| 260 ## - PUBLICATION, DISTRIBUTION, ETC. (IMPRINT) | |
| Place of publication, distribution, etc. | Philadelphia : |
| Name of publisher, distributor, etc. | J. B. Lippincott Company ; |
| Date of publication, distribution, etc. | c1986. |
| 300 ## - PHYSICAL DESCRIPTION | |
| Extent | xxx, 1648p. : |
| Other physical details | ill. ; |
| 500 ## - GENERAL NOTE | |
| General note | Includes index. |
| 650 ## - SUBJECT ADDED ENTRY--TOPICAL TERM | |
| Topical term or geographic name as entry element | Nursing. |
| 650 ## - SUBJECT ADDED ENTRY--TOPICAL TERM | |
| Topical term or geographic name as entry element | Medicine, clinical. |
| 650 ## - SUBJECT ADDED ENTRY--TOPICAL TERM | |
| Topical term or geographic name as entry element | Physiology, pathological. |
| 700 ## - ADDED ENTRY--PERSONAL NAME | |
| Personal name | Woods, Susan L. |
| 700 ## - ADDED ENTRY--PERSONAL NAME | |
| Personal name | Craven, Ruth F. |
| 700 ## - ADDED ENTRY--PERSONAL NAME | |
| Personal name | Rokosky, Joanne Schnaidt |
| 700 ## - ADDED ENTRY--PERSONAL NAME | |
| Personal name | Bruno, Pauline M. |
| 942 ## - ADDED ENTRY ELEMENTS (KOHA) | |
| Source of classification or shelving scheme | |
| Koha item type | Hard Covered Materials |
| Classification part | RT 41 .M495 1986 |
| Withdrawn status | Lost status | Source of classification or shelving scheme | Damaged status | Not for loan | Home library | Current library | Shelving location | Date acquired | Source of acquisition | Total Checkouts | Full call number | Barcode | Date last seen | Price effective from | Koha item type |
|---|---|---|---|---|---|---|---|---|---|---|---|---|---|---|---|
| MACHAKOS UNIVERSITY LIBRARY | MACHAKOS UNIVERSITY LIBRARY | Open shelf | 07/10/2016 | Donation(BFA) | RT 41 .M495 1986 | 25940 | 07/10/2016 | 07/10/2016 | Hard Covered Materials |